000 01374cam a2200241Ia 4500
020 _a9789251064559
020 _a9251064555
040 _cBTCTA
082 _a341 FOO 2010 A066 Or.
100 1 _aMorgera, Elisa.
245 1 0 _aCase studies on bioenergy policy and law :
_boptions for sustainability /
260 _aRome :
_bFood and Agriculture Organization of the United Nations,
_c2010.
300 _avii, 395 p. ;
_c24 cm.
490 1 _aFAO legislative study,
520 _aSound policy and legal frameworks for bioenergy are necessary to ensure that socio-economic and environmental sustainability considerations are taken into account in the production, promotion and use of bioenergy, with a view to minimizing risks of negative impacts and maximizing benefits in the immediate and long term. Through a series of case studies, this publication aims at identifying specific recommendations for policy-makers and legal drafters to ensure that policy and legal instruments on bioenergy contribute to food security, rural development and environmental sustainability.--Publisher's description.
650 0 _aBiomass energy
650 0 _aBiomass energy
700 1 _aKulovesi, Kati.
700 1 _aGobena, Ambra.
710 2 _aFood and Agriculture Organization of the United Nations.
856 4 1 _uhttp://www.fao.org/docrep/012/i1285e/i1285e.pdf
942 _cEK
999 _c14226
_d14226